Membres connus de la Marine de One Piece par images - Statistiques

Statistiques générales
  • Ce quiz a été pris 32 fois
  • Le résultat moyen est 28 sur 48
Statistiques - réponses
Par images Hint Réponse % Correct
Amiral Commandant en Chef Akainu Sakazuki
100%
Vice-Amiral Monkey D. Garp (Instructeur)
100%
Amiral Kizaru Borsalino
96%
Amiral Aokiji Kuzan (Démission)
92%
Lieutenant-colonel Don Quichotte Rossinante (Décédé)
92%
Amiral Commandant en Chef Sengoku (Démission)
92%
Vice-Amiral Smoker
92%
Vice-Amiral X Drake (Démission) (Commandant du SWORD)
92%
Rang Inconnu Bell-mère (Décédée)
88%
Scientifique César Clown (Révocation)
88%
Scientifique Dr. Vegapunk (Révocation)
88%
Colonel Koby (SWORD)
88%
Colonel Morgan (Démis)
88%
Amiral Fujitora Issho
84%
Commandant Hermep (SWORD)
84%
Vice-Amiral Haguar D. Sauro (Démission)
80%
Soldat Monkey D. Dragon (anciennement)
80%
Colonel Tashigi
80%
Vice-Amiral Vergo (Décédé)
80%
Commandant Jango
76%
Amiral Commandant en Chef Kong (Promotion)
72%
Sous-Amiral Hina
68%
Amiral Ryokugyu Aramaki
68%
Colonel Scientifique Sentomaru (Démission)
68%
Vice-Amiral Tsuru
64%
Commandant Fullbody (Ex-Lieutenant)
60%
Vice-Amiral Momonga
56%
Vice-Amiral Bastille
52%
Vice-Amiral Dalmatien
52%
Colonel Nezumi
52%
Vice-Amiral T-Bone (Décédé)
52%
Vice-Amiral Doll
40%
Lieutenant-Colonel Hibari (SWORD)
40%
Vice-Amiral Onigumo
40%
Vice-Amiral Prince Gles (SWORD)
40%
Sous-Amiral Kujaku (SWORD)
36%
Vice-Amiral Strawberry
36%
Vice-Amiral Bluegrass
28%
Contre-Amiral Brannew
28%
Vice-Amiral Doberman
28%
Vice-Amiral Maynard
24%
Vice-Amiral Yamakaji
20%
Vice-Amiral Hound
12%
Vice-Amiral Pomsky
12%
Vice-Amiral Red King
12%
Vice-Amiral Guillotine
8%
Vice-Amiral Urban
8%
Vice-Amiral Tosa
4%
Aucun quiz correspondant
Distribution des résultats
% des personnes avec chaque résultat
Percentile par nombre de réponses
Votre historique - résultats
Vous n’avez pas pris ce quiz